[Event "Suecia ch 2007 Mästare Elit"]
[Site "Stockholm SWE"]
[Date "2007.07.09"]
[Round "9"]
[White "Glimbrant, Torbjorn"]
[Black "Welin, Mats"]
[Result "0-1"]
[PlyCount "104"]
[EventDate "2007.06.30"]
[EventType "tourn"]
[EventRounds "13"]
[EventCountry "SWE"]
[Source "lmi"]
[SourceDate "2007.06.30"]
[WhiteElo "2282"]
[BlackElo "2195"]

1. e4 e5 2. Nf3 Nc6 3. Bb5 a6 4. Ba4 Nf6 5. O-O Be7 6. Re1 b5 7. Bb3 d6 8. c3
O-O 9. h3 Na5 10. Bc2 c5 11. d4 Nd7 12. Nbd2 exd4 13. cxd4 Nc6 14. d5 Nce5 15.
Nxe5 Nxe5 16. f4 Ng6 17. Nf3 Bh4 18. Nxh4 Qxh4 19. f5 Ne5 20. Rf1 Bd7 21. Kh2
a5 22. Bf4 Qe7 23. g4 f6 24. Qe1 g5 25. Bg3 b4 26. Qd1 a4 27. Rf2 a3 28. b3 Kg7
29. Bd3 Rab8 30. Rc1 Bb5 31. Bxb5 Rxb5 32. Qe2 Rbb8 33. Kg2 Rbe8 34. Rff1 h5
35. gxh5 Qf7 36. h4 gxh4 37. Bxe5 Rxe5 38. Rf4 Kh8 39. Rxh4 Qxd5 40. Rd1 Qc6
41. Qe3 Kh7 42. Kh2 Qe8 43. Qf4 d5 44. Rxd5 Rxd5 45. exd5 Qe2+ 46. Kh3 Re8 47.
Rg4 Qe1 48. h6 Re3+ 49. Rg3 Qh1+ 50. Kg4 Re4 51. d6 Qd1+ 52. Rf3 Rxf4+ 0-1

[Event "Suecia ch 2007 Mästare Elit"]
[Site "Stockholm SWE"]
[Date "2007.07.09"]
[Round "9"]
[White "Wademark, Helge"]
[Black "Marttala, Thomas"]
[Result "0-1"]
[PlyCount "72"]
[EventDate "2007.06.30"]
[EventType "tourn"]
[EventRounds "13"]
[EventCountry "SWE"]
[Source "lmi"]
[SourceDate "2007.06.30"]
[WhiteElo "2153"]
[BlackElo "2271"]

1. e4 Nf6 2. e5 Nd5 3. d4 d6 4. c4 Nb6 5. exd6 exd6 6. Nc3 Be7 7. Be3 Nc6 8. b3
Bf5 9. Be2 O-O 10. Nf3 Bf6 11. O-O d5 12. Rc1 dxc4 13. bxc4 Qd7 14. Qd2 Rfe8
15. Rfd1 Bg4 16. Nb5 a6 17. Na3 Rad8 18. d5 Qe7 19. Nc2 Bxf3 20. gxf3 Na4 21.
Ne1 Nb2 22. Rb1 Nxd1 23. Qxd1 Nd4 24. Bd3 c6 25. Be4 c5 26. Rb6 Rd6 27. Rb1 b6
28. Bd3 Qd7 29. Ng2 Qh3 30. Ne1 Qd7 31. Ng2 Be5 32. f4 Bf6 33. Kh1 Nf5 34. Qc2
Nd4 35. Qd1 Qh3 36. Ne1 Nf5 0-1

[Event "Suecia ch 2007 Mästare Elit"]
[Site "Stockholm SWE"]
[Date "2007.07.09"]
[Round "9"]
[White "Semcesen, Daniel"]
[Black "Akesson, Joel"]
[Result "1/2-1/2"]
[PlyCount "44"]
[EventDate "2007.06.30"]
[EventType "tourn"]
[EventRounds "13"]
[EventCountry "SWE"]
[Source "lmi"]
[SourceDate "2007.06.30"]
[WhiteElo "2348"]
[BlackElo "2326"]

1. d4 d5 2. c4 c6 3. Nf3 Nf6 4. Qc2 dxc4 5. Qxc4 Bg4 6. Bg5 Ne4 7. Be3 Nd7 8.
Nc3 Nd6 9. Qb3 Nf6 10. Bf4 Be6 11. Qc2 Bf5 12. Qb3 Be6 13. Qc2 Nd5 14. Nxd5
Bxd5 15. e3 Qa5+ 16. Qc3 Qb6 17. Bd3 e6 18. a3 Ne4 19. Qc2 Nf6 20. e4 Bb3 21.
Qc3 Be7 22. O-O Ba4 1/2-1/2

[Event "Suecia ch 2007 Mästare Elit"]
[Site "Stockholm SWE"]
[Date "2007.07.09"]
[Round "9"]
[White "Johansson, Gunnar"]
[Black "Nilsson, Sebastian"]
[Result "1-0"]
[PlyCount "85"]
[EventDate "2007.06.30"]
[EventType "tourn"]
[EventRounds "13"]
[EventCountry "SWE"]
[Source "lmi"]
[SourceDate "2007.06.30"]
[WhiteElo "2272"]
[BlackElo "2218"]

1. d4 d5 2. c4 Nc6 3. Nf3 Bg4 4. Nc3 e6 5. Bf4 Nf6 6. e3 Bb4 7. h3 Bxf3 8. Qxf3
Qe7 9. a3 Bxc3+ 10. bxc3 Ne4 11. cxd5 exd5 12. Qd1 O-O-O 13. Qb3 g5 14. Bh2
Rhe8 15. Qb2 f5 16. Rb1 b6 17. Bb5 Qe6 18. O-O g4 19. hxg4 Rg8 20. gxf5 Qf6 21.
Bxc6 Qxc6 22. Qb5 Qf6 23. Be5 Qxf5 24. Qc6 Qf7 25. Qa8+ Kd7 26. Qxa7 Ke6 27.
Qxc7 Rxg2+ 28. Kh1 Qxc7 29. Bxc7 Rdg8 30. Rxb6+ Kd7 31. Bg3 Nxg3+ 32. Kxg2
Nxf1+ 33. Kxf1 Ra8 34. Ke2 Rxa3 35. Kd3 Ra2 36. f4 h5 37. Rh6 Rh2 38. c4 dxc4+
39. Kxc4 h4 40. Kd5 h3 41. e4 Ra2 42. Rh7+ Ke8 43. Rxh3 1-0

[Event "Suecia ch 2007 Junior-SM"]
[Site "Stockholm SWE"]
[Date "2007.07.09"]
[Round "9"]
[White "Andersson, Alexis"]
[Black "Nithander, Victor"]
[Result "0-1"]
[PlyCount "68"]
[EventDate "2007.06.30"]
[EventType "tourn"]
[EventRounds "13"]
[EventCountry "SWE"]
[Source "lmi"]
[SourceDate "2007.06.30"]
[WhiteElo "2055"]
[BlackElo "2357"]

1. d4 Nf6 2. c4 g6 3. Nc3 Bg7 4. e4 d6 5. f3 O-O 6. Nge2 c5 7. Be3 Nc6 8. d5
Ne5 9. Nc1 e6 10. Be2 exd5 11. cxd5 a6 12. a4 h5 13. h3 Nh7 14. O-O f5 15. Qd2
Qh4 16. f4 Nf7 17. e5 dxe5 18. Bxc5 Rd8 19. Bc4 Nd6 20. Bxd6 Rxd6 21. Nd3 e4
22. Ne5 Nf8 23. Bb3 Qf6 24. Rad1 Kh7 25. a5 b5 26. axb6 Rxb6 27. Ba2 Qd6 28.
Nc4 Qc5+ 29. Kh1 Rb4 30. Ne5 Rab8 31. Nc6 Rxb2 32. Na4 Qa3 33. Nxb2 Rxb2 34.
Qe3 Qxe3 0-1

[Event "Suecia ch 2007 Junior-SM"]
[Site "Stockholm SWE"]
[Date "2007.07.09"]
[Round "9"]
[White "Zadruzny, Nicolaj"]
[Black "Tadjerbashi, Amir"]
[Result "1-0"]
[PlyCount "95"]
[EventDate "2007.06.30"]
[EventType "tourn"]
[EventRounds "13"]
[EventCountry "SWE"]
[Source "lmi"]
[SourceDate "2007.06.30"]
[WhiteElo "2209"]
[BlackElo "2182"]

1. d4 d5 2. Nc3 Nf6 3. Bg5 Bf5 4. Bxf6 exf6 5. e3 c6 6. Bd3 Bxd3 7. Qxd3 Na6 8.
Nge2 Qd7 9. O-O-O O-O-O 10. e4 Nb4 11. Qd2 dxe4 12. a3 Nd5 13. Nxe4 Nb6 14. Qa5
Kb8 15. N2g3 Qd5 16. Qxd5 cxd5 17. Nc5 g6 18. Rhe1 Bd6 19. Ne2 Kc7 20. Nc3 Kc6
21. b4 a6 22. a4 Rhe8 23. Kb2 Rxe1 24. Rxe1 Bxc5 25. dxc5 Nc4+ 26. Kb3 Nd2+ 27.
Ka3 d4 28. Nb1 Nxb1+ 29. Rxb1 Re8 30. Rd1 Re2 31. Rxd4 Rxf2 32. g3 Rxh2 33.
Rd6+ Kc7 34. Rxf6 Rxc2 35. Rxf7+ Kc8 36. Kb3 Rg2 37. b5 axb5 38. axb5 Rxg3+ 39.
Kb4 Rd3 40. Rxh7 Rd7 41. Rh8+ Rd8 42. Rh1 g5 43. Ka5 Rg8 44. Kb6 Kb8 45. Rh7
Ka8 46. Rxb7 Rb8 47. Rxb8+ Kxb8 48. c6 1-0

[Event "Suecia ch 2007 Junior-SM"]
[Site "Stockholm SWE"]
[Date "2007.07.09"]
[Round "9"]
[White "De Verdier, Michael"]
[Black "Wickstrom, Lucas"]
[Result "1/2-1/2"]
[PlyCount "56"]
[EventDate "2007.06.30"]
[EventType "tourn"]
[EventRounds "13"]
[EventCountry "SWE"]
[Source "lmi"]
[SourceDate "2007.06.30"]
[WhiteElo "2123"]
[BlackElo "2139"]

1. Nf3 Nf6 2. c4 e6 3. g3 c5 4. Bg2 Nc6 5. O-O Be7 6. d4 d5 7. cxd5 exd5 8. Nc3
O-O 9. dxc5 Bxc5 10. Bg5 d4 11. Bxf6 Qxf6 12. Ne4 Qe7 13. Nxc5 Qxc5 14. Rc1 Qb6
15. Qd2 Bg4 16. Rfd1 Rad8 17. h3 Bh5 18. g4 Bg6 19. Nh4 d3 20. Nxg6 dxe2 21.
Qxe2 Rxd1+ 22. Qxd1 fxg6 23. Qb3+ Qxb3 24. axb3 Rf6 25. b4 a6 26. Rc5 Nxb4 27.
Rc8+ Rf8 28. Bxb7 Rxc8 1/2-1/2

[Event "Suecia ch 2007 Junior-SM"]
[Site "Stockholm SWE"]
[Date "2007.07.09"]
[Round "9"]
[White "Agrest, Inna"]
[Black "Kockum, Anton Frisk"]
[Result "1-0"]
[PlyCount "81"]
[EventDate "2007.06.30"]
[EventType "tourn"]
[EventRounds "13"]
[EventCountry "SWE"]
[Source "lmi"]
[SourceDate "2007.06.30"]
[WhiteElo "2085"]
[BlackElo "2200"]

1. e4 e6 2. d4 d5 3. Nc3 Bb4 4. Nge2 dxe4 5. a3 Be7 6. Nxe4 Nc6 7. Bf4 Nf6 8.
Qd3 Nxe4 9. Qxe4 f5 10. Qd3 g5 11. Bd2 Bf6 12. O-O-O Qe7 13. g3 Bd7 14. Bg2
O-O-O 15. Rhe1 Qg7 16. Qb3 Rde8 17. Bc3 Re7 18. Kb1 h5 19. Nc1 Nd8 20. Qc4 h4
21. Nd3 hxg3 22. hxg3 Rh2 23. Bh1 Re8 24. Nc5 c6 25. Ba5 Reh8 26. Bf3 g4 27.
Be2 Rxf2 28. Qb4 Be7 29. Bxd8 Bxc5 30. Qxc5 Rxd8 31. Qxa7 Rh2 32. Rd3 Be8 33.
Rb3 Qc7 34. Ba6 bxa6 35. Qxa6+ Kd7 36. Rb7 Rb8 37. Rxc7+ Kxc7 38. b3 f4 39.
Qa5+ Kc8 40. Rxe6 Bd7 41. Rf6 1-0

[Event "Suecia ch 2007 Junior-SM"]
[Site "Stockholm SWE"]
[Date "2007.07.09"]
[Round "9"]
[White "Grandelius, Nils"]
[Black "Vas, Peter"]
[Result "1-0"]
[PlyCount "65"]
[EventDate "2007.06.30"]
[EventType "tourn"]
[EventRounds "13"]
[EventCountry "SWE"]
[Source "lmi"]
[SourceDate "2007.06.30"]
[WhiteElo "2271"]
[BlackElo "2166"]

1. e4 e5 2. Nf3 Nf6 3. Nxe5 d6 4. Nf3 Nxe4 5. d4 d5 6. Bd3 Nc6 7. O-O Be7 8. c4
Nf6 9. Re1 O-O 10. Nc3 Nb4 11. cxd5 Nxd3 12. Qxd3 Bb4 13. Bg5 Qd6 14. h3 Nxd5
15. a3 Bxc3 16. bxc3 f6 17. Bd2 a5 18. c4 Ne7 19. Qe4 Re8 20. Bf4 Qd8 21. Ra2
Ra6 22. Rae2 Re6 23. Qxe6+ Bxe6 24. Rxe6 Kf7 25. d5 Qd7 26. Nd4 Ng6 27. Bxc7
Qxc7 28. Nb5 Qc5 29. Rxe8 Ne5 30. Rc8 Qb6 31. a4 Kg6 32. c5 Qa6 33. Rxe5 1-0

[Event "Suecia ch 2007 Veteran-SM"]
[Site "Stockholm SWE"]
[Date "2007.07.09"]
[Round "5"]
[White "Malmdin, Nils-Ake"]
[Black "Soderborg, Berndt"]
[Result "1-0"]
[PlyCount "93"]
[EventDate "2007.07.01"]
[EventCountry "SWE"]
[Source "lmi"]
[SourceDate "2007.06.30"]
[WhiteElo "2259"]
[BlackElo "2126"]

1. e4 e5 2. Nf3 Nc6 3. Nc3 Nf6 4. a3 Be7 5. d4 d6 6. h3 a6 7. Be3 O-O 8. d5 Nb8
9. g4 c5 10. dxc6 bxc6 11. Bg2 Be6 12. O-O Nfd7 13. Qd2 Nb6 14. b3 c5 15. a4
Nc6 16. Nh2 Nd4 17. Rfb1 Qc7 18. f4 f6 19. Nd5 Qb7 20. c3 Nc6 21. a5 Nc8 22. b4
cxb4 23. cxb4 N8a7 24. Bf1 exf4 25. Bxf4 Ne5 26. Nb6 Rad8 27. Qc2 Nc8 28. Nd5
Bxd5 29. exd5 Na7 30. Be3 Nb5 31. Rc1 Rc8 32. Qf5 Nc7 33. Bb6 g6 34. Qe4 f5 35.
gxf5 gxf5 36. Qe2 Kh8 37. Bg2 Nb5 38. Nf3 Qxd5 39. Ng5 Qd3 40. Qh5 Bxg5 41.
Qxg5 Nd4 42. Kh1 Rxc1+ 43. Rxc1 f4 44. Qh6 Re8 45. Qf6+ Kg8 46. Bd5+ Ne6 47.
Bxe6+ 1-0

[Event "Suecia ch 2007 Veteran-SM"]
[Site "Stockholm SWE"]
[Date "2007.07.09"]
[Round "5"]
[White "Gustavsson, Sture"]
[Black "Nystrom, Ragnar"]
[Result "1/2-1/2"]
[PlyCount "121"]
[EventDate "2007.07.01"]
[EventCountry "SWE"]
[Source "lmi"]
[SourceDate "2007.06.30"]
[WhiteElo "2109"]
[BlackElo "2022"]

1. d4 Nf6 2. Nf3 d5 3. e3 Bf5 4. c4 e6 5. Qb3 Qc8 6. Bd2 Ne4 7. cxd5 exd5 8.
Qxd5 Nxd2 9. Nbxd2 Be7 10. Be2 O-O 11. O-O Be6 12. Qb5 c6 13. Qa4 Nd7 14. a3
Nb6 15. Qc2 Nd5 16. Bd3 h6 17. g3 Bh3 18. Rfe1 Re8 19. Bf1 Bxf1 20. Nxf1 Qh3
21. Ne5 Bd6 22. f4 Rad8 23. Qg2 Qc8 24. Nd3 Bc7 25. Rac1 Bb6 26. Kh1 Re7 27.
Nc5 Nf6 28. b4 a6 29. Nd2 Bc7 30. Ncb3 Bb6 31. Nc4 Ba7 32. Ne5 Bb8 33. Nd2 Qe6
34. h3 Ne8 35. Ndc4 Bc7 36. Kh2 Nd6 37. Nxd6 Bxd6 38. Qc2 a5 39. bxa5 Bxa3 40.
Ra1 Bd6 41. Nc4 Bb8 42. Nb6 Bc7 43. Qc4 Qe4 44. Rac1 g5 45. Qf1 Bxb6 46. axb6
Rd5 47. fxg5 Rxg5 48. h4 Rb5 49. Qg2 Rxb6 50. Qxe4 Rxe4 51. Kg2 Rb2+ 52. Kf3
Re6 53. Rb1 Rf6+ 54. Ke4 Rff2 55. Rxb2 Rxb2 56. g4 Kg7 57. Rg1 Kg6 58. g5 hxg5
59. Rxg5+ Kf6 60. Rf5+ Ke6 61. Re5+ 1/2-1/2

[Event "Suecia ch 2007 Veteran-SM"]
[Site "Stockholm SWE"]
[Date "2007.07.09"]
[Round "5"]
[White "Ohman, Anders"]
[Black "Kyhle, Bo"]
[Result "0-1"]
[PlyCount "74"]
[EventDate "2007.07.01"]
[EventCountry "SWE"]
[Source "lmi"]
[SourceDate "2007.06.30"]
[WhiteElo "2067"]
[BlackElo "2232"]

1. c4 Nf6 2. g3 e5 3. Bg2 c6 4. d4 exd4 5. Qxd4 d5 6. cxd5 cxd5 7. Nf3 Nc6 8.
Qe3+ Be7 9. O-O O-O 10. Nbd2 Re8 11. Nb3 Bf5 12. Nbd4 Be4 13. Bd2 Qb6 14. Nxc6
bxc6 15. Qxb6 axb6 16. a3 c5 17. e3 Bf5 18. Rfd1 Ne4 19. Be1 Bf6 20. Nh4 Be6
21. Rab1 Red8 22. Bf3 g5 23. Ng2 Kf8 24. Kf1 Ke7 25. Be2 Nd6 26. Bd3 Nc4 27.
Bxc4 dxc4 28. e4 Rxd1 29. Rxd1 Bxb2 30. Bd2 Rxa3 31. Rb1 c3 32. Bxg5+ f6 33.
Bc1 Bh3 34. Be3 Ra1 35. Rxa1 Bxa1 36. Kg1 Bxg2 37. Kxg2 Bb2 0-1

[Event "Suecia ch 2007 SM-gruppen"]
[Site "Stockholm SWE"]
[Date "2007.07.10"]
[Round "10"]
[White "Ong, Kezli"]
[Black "Furhoff, Johan"]
[Result "0-1"]
[PlyCount "82"]
[EventDate "2007.06.30"]
[EventType "tourn"]
[EventRounds "13"]
[EventCountry "SWE"]
[Source "lmi"]
[SourceDate "2007.06.30"]
[WhiteElo "2236"]
[BlackElo "2397"]

1. e4 e5 2. Nf3 Nc6 3. Bb5 a6 4. Ba4 d6 5. O-O Nf6 6. c3 Be7 7. Re1 b5 8. Bb3
O-O 9. h3 a5 10. a4 b4 11. d4 bxc3 12. bxc3 exd4 13. cxd4 d5 14. Ne5 Nb4 15.
exd5 Bb7 16. Nc3 Nbxd5 17. Ne2 Bb4 18. Bd2 Ne4 19. Bxb4 axb4 20. Qd3 Ng5 21.
Qg3 Ra6 22. Bc2 f6 23. Nd3 Rd6 24. Nc5 Ba8 25. a5 f5 26. Qe5 Rg6 27. Ng3 f4 28.
Bxg6 fxg3 29. Qxg3 hxg6 30. h4 Nf4 31. hxg5 Qxd4 32. Nb3 Qd5 33. Rab1 Nxg2 34.
Red1 Qf7 35. Nd4 Nf4 36. Rb3 Nh3+ 37. Kh2 Nxf2 38. Rd2 Ne4 39. Qe3 Nxd2 40.
Qxd2 Qf1 41. Qe2 Rf2+ 0-1

[Event "Suecia ch 2007 SM-gruppen"]
[Site "Stockholm SWE"]
[Date "2007.07.10"]
[Round "10"]
[White "Berg, Emanuel"]
[Black "Brynell, Stellan"]
[Result "1-0"]
[PlyCount "167"]
[EventDate "2007.06.30"]
[EventType "tourn"]
[EventRounds "13"]
[EventCountry "SWE"]
[Source "lmi"]
[SourceDate "2007.06.30"]
[WhiteElo "2581"]
[BlackElo "2459"]

1. e4 e5 2. Nf3 Nc6 3. d4 exd4 4. Nxd4 Nf6 5. Nxc6 bxc6 6. e5 Qe7 7. Qe2 Nd5 8.
c4 Nb6 9. Nd2 a5 10. g3 Qe6 11. a3 a4 12. Qe4 Ba6 13. h4 d5 14. exd6 cxd6 15.
Qxe6+ fxe6 16. c5 Bxf1 17. Kxf1 dxc5 18. Kg2 Be7 19. Re1 Kf7 20. Nf3 Bf6 21.
Bf4 Nd5 22. Ne5+ Ke8 23. Rac1 Nxf4+ 24. gxf4 Bxe5 25. Rxe5 Rf8 26. Rxe6+ Kd7
27. Re4 Rfe8 28. Re5 Rab8 29. Rc2 Rxe5 30. fxe5 Ke6 31. Rxc5 Rxb2 32. Rxc6+
Kxe5 33. Ra6 Ra2 34. Rxa4 g6 35. Kf3 Ra1 36. Ra5+ Kf6 37. Kf4 Rh1 38. Ra6+ Kg7
39. Ra7+ Kh6 40. Kg3 Rg1+ 41. Kh2 Ra1 42. Kg2 Ra2 43. a4 Ra3 44. a5 Ra4 45. Kg3
Ra3+ 46. Kg4 Ra4+ 47. Kg3 Ra3+ 48. f3 Ra1 49. a6 Ra4 50. f4 Ra1 51. Kf3 Ra4 52.
Ke3 Ra1 53. Ke4 Ra5 54. Ke3 Ra4 55. Kf3 Ra1 56. Ke2 Ra3 57. Kd2 Ra4 58. Ke3 Ra1
59. Kd4 Ra4+ 60. Ke5 Ra5+ 61. Ke6 Ra4 62. Ke5 Ra5+ 63. Ke4 Ra4+ 64. Kf3 Ra1 65.
h5 Ra4 66. hxg6 hxg6 67. Ke3 Ra1 68. Kd4 Ra4+ 69. Ke5 Ra5+ 70. Kd6 Ra4 71. Ra8
Kg7 72. Kc6 Rxf4 73. Rd8 Ra4 74. Kb6 Kf6 75. a7 Ke5 76. a8=Q Rxa8 77. Rxa8 Kf4
78. Rf8+ Ke4 79. Rg8 Kf5 80. Kc5 g5 81. Kd4 Kf4 82. Rf8+ Kg3 83. Ke3 g4 84. Rg8
1-0

[Event "Suecia ch 2007 SM-gruppen"]
[Site "Stockholm SWE"]
[Date "2007.07.10"]
[Round "10"]
[White "Carlsson, Pontus"]
[Black "Lindberg, Bosse"]
[Result "0-1"]
[PlyCount "128"]
[EventDate "2007.06.30"]
[EventType "tourn"]
[EventRounds "13"]
[EventCountry "SWE"]
[Source "lmi"]
[SourceDate "2007.06.30"]
[WhiteElo "2480"]
[BlackElo "2361"]

1. e4 e5 2. Nf3 Nc6 3. Bb5 a6 4. Ba4 Nf6 5. O-O Be7 6. Re1 b5 7. Bb3 d6 8. c3
O-O 9. h3 Na5 10. Bc2 c5 11. d4 Nd7 12. b3 exd4 13. cxd4 Nc6 14. Nc3 Bf6 15.
Be3 cxd4 16. Nxd4 Nxd4 17. Bxd4 Bb7 18. Rc1 Rc8 19. Bb1 Re8 20. Bxf6 Nxf6 21.
Qd4 Re5 22. Rcd1 Qc7 23. Re3 Rc5 24. Ne2 d5 25. e5 Ne4 26. Qd3 g6 27. f3 Ng5
28. f4 Ne4 29. Qd4 a5 30. Ng3 Nxg3 31. Rxg3 b4 32. e6 Rc3 33. exf7+ Kxf7 34.
Rg4 Qc5 35. Qxc5 R8xc5 36. f5 Rc1 37. fxg6+ hxg6 38. Rgd4 Kf6 39. Rf4+ Ke5 40.
Rxc1 Rxc1+ 41. Rf1 Rc6 42. Rd1 g5 43. Kf2 Rf6+ 44. Kg3 Rf4 45. Rc1 Kd6 46. Rd1
Bc6 47. Bc2 Bb5 48. Rd2 d4 49. Rf2 d3 50. Bd1 Ke5 51. Rxf4 gxf4+ 52. Kf2 Kd4
53. h4 Bc6 54. h5 Be4 55. h6 Kc3 56. Ke1 Bh7 57. Kf2 Kd2 58. Bg4 Be4 59. Bf3
Bh7 60. Bg4 Kc1 61. Kf3 Kb2 62. Kxf4 Kxa2 63. Ke3 Kxb3 64. Kd2 a4 0-1

[Event "Suecia ch 2007 SM-gruppen"]
[Site "Stockholm SWE"]
[Date "2007.07.10"]
[Round "10"]
[White "Lindberg, Bengt"]
[Black "Hamark, Jesper"]
[Result "1-0"]
[PlyCount "111"]
[EventDate "2007.06.30"]
[EventType "tourn"]
[EventRounds "13"]
[EventCountry "SWE"]
[Source "lmi"]
[SourceDate "2007.06.30"]
[WhiteElo "2443"]
[BlackElo "2289"]

1. e4 e5 2. Nf3 Nc6 3. Bb5 a6 4. Ba4 Nf6 5. O-O Be7 6. Re1 b5 7. Bb3 d6 8. c3
O-O 9. h3 Na5 10. Bc2 c5 11. d4 Nd7 12. d5 Nb6 13. Nbd2 f5 14. exf5 Bxf5 15.
Ne4 h6 16. b3 Nb7 17. Rb1 Qd7 18. Nh2 Nd8 19. a4 Nf7 20. a5 Nc8 21. b4 c4 22.
Ng4 Nh8 23. Ng3 Bxc2 24. Qxc2 Bh4 25. Ne4 Ra7 26. Qe2 Ng6 27. g3 Bd8 28. h4 Qe8
29. h5 Nh8 30. Nxh6+ gxh6 31. Qg4+ Rg7 32. Qxc8 Qxh5 33. Kg2 Qf3+ 34. Kh2 Ng6
35. Qh3 Bg5 36. Bxg5 hxg5 37. Re3 Qf7 38. Qg4 Nf4 39. Nxg5 Qg6 40. gxf4 exf4
41. Qe6+ Qxe6 42. Rxe6 Rxg5 43. Rg1 Rff5 44. Rg6+ Rxg6 45. Rxg6+ Kf7 46. Rxd6
Rg5 47. Rxa6 f3 48. Rb6 Rg2+ 49. Kh3 Rxf2 50. Kg3 Rc2 51. Kxf3 Rxc3+ 52. Ke4
Rc1 53. Rxb5 c3 54. Kd3 Ke7 55. Rc5 Kd6 56. Rxc3 1-0

[Event "Suecia ch 2007 SM-gruppen"]
[Site "Stockholm SWE"]
[Date "2007.07.10"]
[Round "10"]
[White "Karlsson, Lars"]
[Black "Cramling, Pia"]
[Result "1-0"]
[PlyCount "82"]
[EventDate "2007.06.30"]
[EventType "tourn"]
[EventRounds "13"]
[EventCountry "SWE"]
[Source "lmi"]
[SourceDate "2007.06.30"]
[WhiteElo "2493"]
[BlackElo "2533"]

1. c4 e5 2. Nc3 Nf6 3. Nf3 Nc6 4. d3 Bb4 5. Bd2 O-O 6. e3 Re8 7. Be2 d5 8. cxd5
Nxd5 9. Rc1 Bf8 10. a3 a5 11. O-O Nb6 12. Na4 Nxa4 13. Qxa4 Bd7 14. Qc2 a4 15.
Bc3 Bg4 16. Rfd1 Bd6 17. d4 e4 18. Ne5 Bxe2 19. Qxe2 Qg5 20. Nxc6 bxc6 21. Bb4
Qd5 22. Rc4 Reb8 23. Qc2 h6 24. h3 Ra6 25. Rc1 Rbb6 26. Bc5 Bxc5 27. dxc5 Rb3
28. Rxe4 Ra8 29. Rd4 Qe6 30. Rcd1 g6 31. Rd8+ Rxd8 32. Rxd8+ Kg7 33. Rd4 Qe5
34. Rb4 Rxb4 35. axb4 h5 36. h4 a3 37. bxa3 Qa1+ 38. Kh2 Qxa3 39. Qe4 Qa6 40.
Qe5+ Kf8 41. Qxc7 Qc4 1-0

[Event "Suecia ch 2007 SM-gruppen"]
[Site "Stockholm SWE"]
[Date "2007.07.10"]
[Round "10"]
[White "Smith, Axel"]
[Black "Johansson, Jan"]
[Result "1-0"]
[PlyCount "81"]
[EventDate "2007.06.30"]
[EventType "tourn"]
[EventRounds "13"]
[EventCountry "SWE"]
[Source "lmi"]
[SourceDate "2007.06.30"]
[WhiteElo "2284"]
[BlackElo "2441"]

1. e4 d6 2. d4 Nf6 3. Nc3 e5 4. dxe5 dxe5 5. Qxd8+ Kxd8 6. Bg5 Be6 7. O-O-O+
Nbd7 8. f4 exf4 9. Nf3 Kc8 10. Bxf4 Bb4 11. Nd5 Bxd5 12. exd5 Bd6 13. Bxd6 cxd6
14. Bb5 Nb6 15. Rhe1 Kd8 16. Bf1 a6 17. c4 Rc8 18. b3 Rc7 19. Kd2 Nbd7 20. h3
Nc5 21. Bd3 g6 22. Kc3 h5 23. Kd4 h4 24. b4 Nxd3 25. Rxd3 Rh5 26. Nd2 b5 27.
Rf3 Ne8 28. Ra3 bxc4 29. Rxa6 Nf6 30. Rxd6+ Rd7 31. Rxd7+ Kxd7 32. Kxc4 Nxd5
33. Ne4 Kc7 34. Nc3 Nb6+ 35. Kd4 Rg5 36. Re7+ Kc8 37. Rxf7 Rxg2 38. a4 Rg3 39.
a5 Nd7 40. a6 Nb8 41. b5 1-0

[Event "Suecia ch 2007 Mästare Elit"]
[Site "Stockholm SWE"]
[Date "2007.07.10"]
[Round "10"]
[White "Marttala, Thomas"]
[Black "Semcesen, Daniel"]
[Result "0-1"]
[PlyCount "80"]
[EventDate "2007.06.30"]
[EventType "tourn"]
[EventRounds "13"]
[EventCountry "SWE"]
[Source "lmi"]
[SourceDate "2007.06.30"]
[WhiteElo "2271"]
[BlackElo "2348"]

1. e4 e5 2. Nf3 Nc6 3. Bb5 a6 4. Ba4 Nf6 5. O-O Be7 6. Qe2 b5 7. Bb3 O-O 8. c3
d5 9. d3 Re8 10. exd5 Nxd5 11. Qe4 Be6 12. Nxe5 Nxe5 13. Qxe5 Bd6 14. Qg5 Qd7
15. d4 c6 16. Be3 Kh8 17. h3 f5 18. Nd2 f4 19. Bxd5 Bxd5 20. Bxf4 Re6 21. f3
Rg6 22. Qh4 Bxf4 23. Qxf4 Qxh3 24. Qh2 Qf5 25. Ne4 Rf8 26. Rae1 Bxa2 27. Qe5
Qc8 28. Nc5 Bd5 29. Re3 a5 30. Qe7 h6 31. Nd7 Rg8 32. Rfe1 a4 33. Qe8 Qxe8 34.
Rxe8 Bxf3 35. Rxg8+ Kxg8 36. Re8+ Kf7 37. Rf8+ Ke7 38. Rxf3 Kxd7 39. Rf8 Ke6
40. Rc8 Kd5 0-1

[Event "Suecia ch 2007 Mästare Elit"]
[Site "Stockholm SWE"]
[Date "2007.07.10"]
[Round "10"]
[White "Welin, Mats"]
[Black "Wademark, Helge"]
[Result "1-0"]
[PlyCount "87"]
[EventDate "2007.06.30"]
[EventType "tourn"]
[EventRounds "13"]
[EventCountry "SWE"]
[Source "lmi"]
[SourceDate "2007.06.30"]
[WhiteElo "2195"]
[BlackElo "2153"]

1. e4 e6 2. d4 d5 3. Nc3 Nf6 4. Bg5 Bb4 5. exd5 exd5 6. Qf3 Be6 7. Nge2 Nbd7 8.
O-O-O O-O 9. h3 h6 10. Bd2 c6 11. g4 Nh7 12. h4 f6 13. Nf4 Bf7 14. Bd3 Re8 15.
Rdg1 Ndf8 16. Nfe2 Be7 17. Ng3 c5 18. Nf5 cxd4 19. Ne2 Ng6 20. Bxh6 Ne5 21. Qg3
gxh6 22. Nxh6+ Kg7 23. Nxf7 Nxf7 24. g5 fxg5 25. hxg5 Nhxg5 26. f4 Qb6 27. fxg5
Bxg5+ 28. Qf4 Qf6 29. Rh7+ Kf8 30. Rxf7+ Kxf7 31. Qxg5 Qxg5+ 32. Rxg5 Rad8 33.
Nxd4 Rg8 34. Rf5+ Ke7 35. a4 a6 36. Kd2 Rg7 37. Rh5 Rf7 38. Kc3 Kd6 39. Rh6+
Kd7 40. Bf5+ Ke7 41. Rb6 Rb8 42. Re6+ Kd7 43. Rh6+ Ke7 44. Be6 1-0

[Event "Suecia ch 2007 Mästare Elit"]
[Site "Stockholm SWE"]
[Date "2007.07.10"]
[Round "10"]
[White "Logdahl, Harald"]
[Black "Glimbrant, Torbjorn"]
[Result "0-1"]
[PlyCount "110"]
[EventDate "2007.06.30"]
[EventType "tourn"]
[EventRounds "13"]
[EventCountry "SWE"]
[Source "lmi"]
[SourceDate "2007.06.30"]
[WhiteElo "2250"]
[BlackElo "2282"]

1. e4 c5 2. Nc3 Nc6 3. g3 g6 4. Bg2 Bg7 5. d3 d6 6. f4 e6 7. Nf3 Nge7 8. O-O
O-O 9. Be3 b6 10. d4 Ba6 11. Re1 Rc8 12. a4 d5 13. exd5 exd5 14. Bf2 Nb4 15. a5
Nf5 16. Na2 Nxa2 17. Rxa2 Nxd4 18. Nxd4 Bxd4 19. Bxd4 cxd4 20. Qxd4 Re8 21.
Raa1 Rxc2 22. axb6 Rxe1+ 23. Rxe1 axb6 24. Bxd5 Rc8 25. Rd1 Qc7 26. f5 Bb7 27.
Bxb7 Qxb7 28. b4 Re8 29. Qd5 Qe7 30. b5 Qe3+ 31. Kh1 Qf2 32. fxg6 hxg6 33. Qd7
Re2 34. Qd8+ Kg7 35. Qd4+ Qxd4 36. Rxd4 Re5 37. Kg2 Rxb5 38. Rd6 Rb2+ 39. Kf3
Kf8 40. Rd8+ Ke7 41. Rb8 Ke6 42. h4 Rb3+ 43. Kf4 Kf6 44. Rb7 Rb1 45. g4 Kg7 46.
Kg3 b5 47. Rb6 b4 48. Kf3 b3 49. Kg3 b2 50. Kg2 f5 51. Rb7+ Kh6 52. g5+ Kh5 53.
Kg3 Rg1+ 54. Kf4 Rf1+ 55. Kg3 f4+ 0-1

[Event "Suecia ch 2007 Mästare Elit"]
[Site "Stockholm SWE"]
[Date "2007.07.10"]
[Round "10"]
[White "Hedman, Erik"]
[Black "Janse, Love"]
[Result "1/2-1/2"]
[PlyCount "94"]
[EventDate "2007.06.30"]
[EventType "tourn"]
[EventRounds "13"]
[EventCountry "SWE"]
[Source "lmi"]
[SourceDate "2007.06.30"]
[WhiteElo "2346"]
[BlackElo "2090"]

1. e4 g6 2. d4 d6 3. Nc3 c6 4. Be3 Bg7 5. Qd2 Nd7 6. f3 b5 7. h4 h5 8. Nh3 Ngf6
9. Ng5 Nb6 10. Bd3 Nc4 11. Bxc4 bxc4 12. b3 Ba6 13. b4 Rb8 14. Rb1 Bc8 15. O-O
d5 16. b5 cxb5 17. Nxb5 a6 18. Nc7+ Qxc7 19. Bf4 e5 20. Bxe5 Nxe4 21. fxe4 Bxe5
22. dxe5 Rxb1 23. Rxb1 Qxe5 24. Qb4 dxe4 25. Nxe4 a5 26. Qa4+ Kf8 27. Qxc4 Be6
28. Qc5+ Qxc5+ 29. Nxc5 Bxa2 30. Ra1 Bc4 31. Rxa5 Ke7 32. Ra4 Bd5 33. Rd4 Bc6
34. g3 Rd8 35. Rxd8 Kxd8 36. Kf2 Ke7 37. Ke3 f6 38. Kd4 Kd6 39. c3 g5 40. Ne4+
Ke6 41. hxg5 Bxe4 42. Kxe4 fxg5 43. c4 h4 44. gxh4 gxh4 45. Kf4 Kd6 46. Kg4 Kc5
47. Kxh4 Kxc4 1/2-1/2